Movies Quiz

Random Movies or Singers Quiz
Score 0/12 Timer 04:00
0 Plays Today
Singers Song % Correct
Frankie ValliGrease
93.2%
Danny, Sandy, Pink Ladies and the T-BirdsSummer Nights
85%
Frankie AvalonBeauty School Dropout
73.9%
CastWe Go Together
73.8%
SandyHopelessly Devoted to You
73.6%
Danny and SandyYou're the One That I Want
69.1%
Rizzo and the Pink Ladies Look at Me, I'm Sandra Dee
68.6%
DannySandy
66.6%
Danny and the T-BirdsGreased Lightning
62.6%
RizzoThere Are Worse Things I Could Do
53.7%
SandyLook at Me, I'm Sandra Dee (Reprise)
20.4%
MartyFreddy, My Love
17.9%

You're not logged in!

Compare scores with friends on all Sporcle quizzes.
OR
Log In

Sporcle TV

Today on Sporcle TV


Watch our educational content, quiz creation guides, and fun videos on Sporcle TV.

Show Comments

Extras

Created Oct 4, 2009ReportNominate
Tags:Singers Quiz, Song Quiz, grease

Top Quizzes Today


Score Distribution

Paid Content

Your Account Isn't Verified!

In order to create a playlist on Sporcle, you need to verify the email address you used during registration. Go to your Sporcle Settings to finish the process.

Report this User

Report this user for behavior that violates our Community Guidelines.

Details: